1429 1124 1518 1193 1225 1625 1207 1198 1693 1292 1835 1042 1328 1327 1178 1455 1628 1630 1309 1049 1050 1644 1633 1830 1029 1149 1270 1386 1288 1606 1448 1072 1641 1221 1527 1484 1946 1834 1971 1905 1785 1865 1246 1654 1964 1000 1320 1487 1776 1911 1981 1880 1522 1504 1376 1493 1462 1217 1607 1242 1130 1983 1315 1412 1178 1395 1716 1084 1988 1731 1997 1526 1580 1166 1614 1758 1651 1195 1210 1058 1929 1547 1728 1884 1219 1080 1838 1674 1349 1605 1249 1708 1103 1868 1510 1702 1379 1084 1880 BCNSPRNW ULIB Ver.6.0+V

เปลี่ยนเป็นภาษาไทย

Change to English
 แสดงรายละเอียดบรรณานุกรม
  กลับหน้าหลัก

Brief Record : Get Marc (ISO 2709) : E-mail record : QR code < ปิดหน้าต่าง
LEADER : 00000nam 2200000uu 4500
001    13399112449
003     ULIB
008    110627s2554||||th 000 0 tha d
020    9786165082082
090    นว.^bก382ส 2554
100 0  กัญญ์ชลา
245 00 สาปสวาท/^cกัญญ์ชลา
250    พิมพ์ครั้งที่ 3
260    กรุงเทพฯ :^bแสงดาว,^c2554
300    584 หน้า
710 1  แสงดาว
945    ^p420^l0^i030452
995    ทศพร
999 ^a ใช้งานได้ทุกระบบ
รายการนี้ยังไม่มีแท็ก
คุณยังไม่ได้ล็อกอิน คุณสามารถมีกิจกรรมร่วมกับเว็บไซต์ได้ แต่ต้องล็อกอินก่อน ::
  ล็อกอิน

รายการสื่อสารสนเทศ

ลำดับที่ ประเภท เลขเรียก/บาร์โค้ด สถานที่ สถานะ
- ไม่พบข้อมูล -

BibComment


ยังไม่เคยถูกคอมเมนท์

คอมเมนท์ทรัพยากรรายการนี้
  คอมเมนท์: สาปสวาท กัญญ์ชลา


 Copyright 2026. Bcnsprnw @Library